00673cam a22002053a 450000100060000000300060000600500170001200800410002904000150007004200070008505000070009210000340009924501670013326000290030050600300032951600200035965300170037983000290039685600420042519354PGUSA20140828083417.0060922s2006||||xxu|||||s|||||000 | eng d aPGUSAbeng adc 4aMT1 aGoetschius, Percy,d1853-194310aLessons in Music Form :bA Manual of Analysis of All the Structural Factors and Designs Employed in Musical Compositionh[electronic resource] /cPercy Goetschius bProject Gutenberg,c2006 aPublic domain in the USA. aElectronic text aMusical form 0aProject Gutenbergv1935440uhttp://www.gutenberg.org/ebooks/19354